000 00373nam a22001577a 4500
005 20180521115323.0
008 170406b xxu||||| |||| 00| 0 eng d
020 _a978-81-203-5063-2
041 _aeng
082 _a515.9
100 _aBISWAL, PURNA CHANDRA
_93829
245 _aCOMPLEX ANALYSIS
260 _aDELHI
_bPHI LEARNING PVT
_c2015
300 _a270
942 _cBK
999 _c5425
_d5423